Aplikácia cloud systémov v strojárskych podnikoch

Saved in:
Bibliographic Details
Main Author: Jankove, Samuel (Author)
Other Authors: Čačková, Iveta (Thesis advisor)
Format: Manuscript Book
Language:Slovak
Published: 2022
Subjects:
Online Access:http://is.stuba.sk/zp/portal_zp.pl?podrobnosti=165226
Tags: Add Tag
No Tags, Be the first to tag this record!

MARC

LEADER 00000ntm a22000003a 4500
001 stuzp90943
003 SK-STU
005 20220611214150.0
007 ta
008 150427s2015----xo-----f-mn---000-0-slo-d
040 |a STU  |b slo 
041 0 |a slo 
100 1 |a Jankove, Samuel  |u 020070  |k Z4  |4 aut  |U SjF Strojnícka fakulta  |T SjF Ústav výrobných systémov, enviromentálnej techniky a manažment kvality  |X 93032  |U J0070  |Y 804  |7 93032 
242 0 1 |a Application of cloud systems in a manufacturing companies  |y eng 
245 1 0 |a Aplikácia cloud systémov v strojárskych podnikoch 
260 |c 2022 
650 4 |a informačný systém  |2 slo 
650 4 |a cloud  |2 slo 
650 4 |a strojársky podnik  |2 slo 
650 4 |a návrh informačného systému  |2 slo 
650 4 |a vizualizácia návrhu  |2 slo 
650 4 |a manufacturing company  |2 eng 
650 4 |a design of information system  |2 eng 
650 4 |a visualization of the design  |2 eng 
650 4 |a cloud  |2 eng 
650 4 |a information system  |2 eng 
700 1 |a Čačková, Iveta  |u 020070  |k Z1  |4 ths  |U SjF Strojnícka fakulta  |T SjF Ústav výrobných systémov, enviromentálnej techniky a manažment kvality  |X 46392  |U J0070  |Y 804  |7 A000046392 
856 4 |u http://is.stuba.sk/zp/portal_zp.pl?podrobnosti=165226 
996 |b 284J046978  |c J* 3478/DDP  |l JJSK  |s A  |a 24  |w stuzp90943_0001